US States Containing E - One Minute Sprint - Statistics

General Stats
  • This quiz has been taken 223 times
  • The average score is 15 of 20
Answer Stats
state % Correct
New York
93%
Maine
88%
New Mexico
88%
New Jersey
87%
Georgia
86%
New Hampshire
84%
Nevada
79%
Oregon
79%
Texas
76%
Minnesota
75%
Tennessee
74%
Nebraska
71%
Delaware
70%
Kentucky
70%
Vermont
69%
West Virginia
67%
Connecticut
65%
Pennsylvania
62%
Rhode Island
59%
Massachusetts
51%
No matching quizzes found
Score Distribution
Percent of People with Each Score
Percentile by Number Answered
Your Score History
You have not taken this quiz